| 000 | 00699nam a22002057a 4500 | ||
|---|---|---|---|
| 005 | 20130506150738.0 | ||
| 010 | _aENG-106977 | ||
| 020 |
_a978019809996 _c995.00 |
||
| 020 |
_a0198079990 _c995.00 |
||
| 035 | _aEN-90510 | ||
| 037 | _bDBAD/PUB | ||
| 245 | 1 | 0 |
_aPursuing elusive justice : _cedited by Vahida Nainar [and] Saumya Uma ; foreworded by Upendra Bax _bmass crimes in India and relevance of International standards / |
| 260 |
_aNew Delhi _bOxford University Press _c2013 |
||
| 270 |
_aYMCA Library Building, 1 Jai Singh Road _bNew Delhi _e110001 |
||
| 300 |
_axiii,475p. _c22cm(Hb) |
||
| 500 | _aIncludes index | ||
| 700 | _aNainar, Vahida | ||
| 700 | _aSaumya Uma | ||
| 942 |
_2ddc _cEN _mPUR |
||
| 999 |
_c75104 _d75104 |
||